Start with A, ends with A 2 - Statistics

General Stats
  • This quiz has been taken 21 times
  • The average score is 8 of 15
Answer Stats
Question Answer % Correct
Eurovision winners from Sweden Abba
95%
The main artery, carrying blood, from the heart Aorta
95%
Greek goddess of wisdom Athena
95%
Eating disorder Anorexia
84%
Sewell, author of Black Beauty Anna
79%
Automobile Association AA
74%
A powerful person, Khan being the obvious example Aga
68%
An opera by Verdi Aida
68%
Suffocation Asphyxia
58%
NH4 in chemistry Ammonia
53%
A special surrounding, of someone unbelievable? Aura
37%
A type of tree Acacia
16%
Mike Baldwins wife in Coronation Street Alma
5%
A scene of pleasure and quiet Arcadia
5%
Central nervous system disorder Ataxia
5%
No matching quizzes found
Score Distribution
Percent of People with Each Score
Percentile by Number Answered
Your Score History
You have not taken this quiz